|
|
|
|
| LEADER |
01499nam a2200361 i 4500 |
| 001 |
EBC6699996 |
| 003 |
MiAaPQ |
| 005 |
20220426144529.0 |
| 006 |
m o d | |
| 007 |
cr cnu|||||||| |
| 008 |
220426s1987 xx o 000 0 eng d |
| 020 |
|
|
|z 9780333470480
|q (print)
|
| 020 |
|
|
|a 9781349103584
|q (electronic bk.)
|
| 035 |
|
|
|a (MiAaPQ)EBC6699996
|
| 035 |
|
|
|a (Au-PeEL)EBL6699996
|
| 035 |
|
|
|a (OCoLC)1083462871
|
| 040 |
|
|
|a MiAaPQ
|b eng
|e rda
|e pn
|c MiAaPQ
|d MiAaPQ
|
| 050 |
|
4 |
|a HB61
|b .P354 1987
|
| 082 |
0 |
|
|a 330.03
|2 23
|
| 245 |
0 |
0 |
|a Palgrave's dictionary of political economy /
|c edited by R. H. Inglis.
|
| 264 |
|
1 |
|a [Place of publication not identified] :
|b Palgrave Macmillan,
|c 1987.
|
| 300 |
|
|
|a 1 online resource (2,467 pages)
|
| 336 |
|
|
|a text
|b txt
|2 rdacontent
|
| 337 |
|
|
|a computer
|b c
|2 rdamedia
|
| 338 |
|
|
|a online resource
|b cr
|2 rdacarrier
|
| 588 |
|
|
|a Description based on print version record.
|
| 590 |
|
|
|a Electronic reproduction. Ann Arbor, MI : ProQuest, 2018. Available via World Wide Web. Access may be limited to ProQuest affiliated libraries.
|
| 650 |
|
0 |
|a Economics
|v Dictionaries.
|
| 655 |
|
4 |
|a Electronic books.
|
| 700 |
1 |
|
|a Inglis, R. H.,
|e editor.
|
| 776 |
0 |
8 |
|i Print version:
|t Palgrave's dictionary of political economy.
|d [Place of publication not identified] : Palgrave Macmillan, c1987
|h 2467 pages
|z 9780333470480
|
| 797 |
2 |
|
|a ProQuest (Firm)
|
| 856 |
4 |
0 |
|u https://ebookcentral.proquest.com/lib/matrademy/detail.action?docID=6699996
|z Click to View
|